Statistics for "Pop Out" Chorus Quiz

Click here to take the quiz!

General Stats

  • This quiz has been taken 32 times
  • The average score is 2 of 8

Answer Stats

Lines% Correct
We pop out at your party, I'm with the gang
96%
I'm a killer, girl, I'm sorry, but I can't change
43%
And it's gon' be a robbery, so tuck ya chain
18%
We come from poverty, man, we ain't have a thing
18%
'Cause they'll do the job for me while I hop on a plane
11%
It's a lot of animosity, but they won't say my name
11%
Them killers rock with me, lil' nigga, don't get banged
11%
We ain't aimin' for your body, shots hits your brain
11%

Score Distribution

Percentile by Number Answered

Percent of People with Each Score

Your Score History

You have not taken this quiz